Statisztikai szemle

Na minha lista:
Detalhes bibliográficos
Formato: Periódico
Idioma:húngaro
Publicado em: Budapest Statisztikai Kiadó Vállalat 1986
Assuntos:
Tags: Adicionar Tag
Sem tags, seja o primeiro a adicionar uma tag!

MARC

LEADER 00000nas2a2200000 4500
001 s041472
005 20250730114154.1
041 0 |a hun 
044 |a HU 
245 1 0 |a Statisztikai szemle 
264 1 |a Budapest  |b Statisztikai Kiadó Vállalat  |c 1986 
300 |a 2 zv. 
773 0 |w eu_un_cat*s120806 
610 2 0 |a štatistika 
610 2 0 |a výskum štatistický 
610 2 0 |a teória štatistiky